Miasta w Grecji - nagła śmierć - Statystyki

Ogólne statystyki
  • Ten quiz został rozwiązany 208 razy
  • Średni wynik to 8 z 12
Answers on the Grid
Answers color-coded by a green-red scale on the quiz's grid according to % correct below.
Ateny
Saloniki
Patras
Larisa
Janina
Heraklion
Wolos
Acharnes
Chania
Chalkida
Kalamaria
Aleksandropolis
Aleksandria
Burgas
Izmir
Bitola
Wełes
Apatin
Korcza
Wlora
 
Statystyki odpowiedzi
Odpowiedź % Poprawnych
Ateny
94%
Saloniki
90%
Heraklion
80%
Larisa
72%
Aleksandropolis
66%
Patras
66%
Chania
65%
Chalkida
63%
Kalamaria
52%
Janina
49%
Acharnes
47%
Wolos
47%
Nie znaleziono quizów pasujących do podanych kryteriów
Rozkład punktacji
Procent ludzi z każdym wynikiem
Percentyl według liczby udzielonych odpowiedzi
Twoja historia wyników
Nie rozwiązałeś tego quizu